Top 100 Strongest Passports to Hold in 2024 - Statistics

General Stats
  • This quiz has been taken 387 times
  • The average score is 80 of 100
Answer Stats
Rank No. Countries Eligible to Visit Country % Correct
28 186 United States
99%
192 Japan
97%
190 United Kingdom
97%
25= 187 Canada
96%
192 France
95%
192 Spain
95%
191 Sweden
95%
20= 189 Australia
94%
2= 192 Italy
94%
189 Portugal
94%
191 South Korea
94%
190 Switzerland
94%
192 Germany
93%
191 Ireland
93%
190 New Zealand
93%
190 Norway
93%
7= 191 Austria
92%
14= 190 Belgium
92%
171 Brazil
92%
191 Finland
92%
23= 188 Greece
91%
191 Luxembourg
91%
53 159 Mexico
91%
191 Netherlands
91%
188 Poland
91%
93= 116 Russia
91%
190 Denmark
90%
1 195 Singapore
90%
116 Turkey
90%
172 Argentina
89%
184 Slovakia
89%
184 Slovenia
89%
148 Ukraine
89%
36 183 Croatia
88%
189 Czech Republic
88%
32= 184 Iceland
88%
29= 185 Estonia
87%
184 Latvia
87%
37= 182 Liechtenstein
87%
185 Lithuania
87%
177 Romania
87%
43 175 Chile
86%
72 140 Serbia
86%
185 United Arab Emirates
86%
41= 177 Bulgaria
85%
187 Hungary
85%
96 106 South Africa
85%
187 Malta
84%
63 149 Panama
84%
44= 172 San Marino
84%
89= 123 Albania
83%
75= 134 Colombia
83%
170 Israel
83%
178 Monaco
83%
157 Uruguay
83%
46= 171 Andorra
82%
123 Bosnia and Herzegovina
82%
70= 141 Peru
82%
58 155 Vatican City
82%
81= 128 Montenegro
81%
182 Malaysia
80%
60= 151 Costa Rica
79%
128 North Macedonia
79%
147 Paraguay
79%
95 107 Qatar
79%
141 Taiwan
79%
39= 178 Cyprus
78%
74 135 Guatemala
76%
77 133 Honduras
76%
122 Moldova
76%
52 161 Bahamas
75%
68= 143 Dominica
74%
100 95 Ecuador
74%
73 136 El Salvador
74%
124 Venezuela
72%
51 165 Barbados
71%
97 102 Belize
71%
128 Nicaragua
71%
54= 157 Saint Kitts and Nevis
71%
151 Trinidad and Tobago
71%
91= 122 Georgia
70%
98 99 Kuwait
70%
64= 148 Saint Lucia
69%
157 Saint Vincent and the Grenadines
69%
131 Tonga
68%
66= 147 Grenada
67%
50 166 Brunei
64%
80 129 Marshall Islands
64%
134 Solomon Islands
64%
59 153 Antigua and Barbuda
63%
57 156 Seychelles
63%
78= 131 Samoa
62%
128 Tuvalu
62%
124 Palau
61%
124 Micronesia
60%
85= 124 Kiribati
59%
62 150 Mauritius
59%
99 97 East Timor
47%
48= 170 Hong Kong
30%
143 Macau
27%
No matching quizzes found
Score Distribution
Percent of People with Each Score
Percentile by Number Answered
Your Score History
You have not taken this quiz